000 00622nam a2200217Ia 4500
001 16952
003 GE_BSU
008 181216s||||||||xx |||||||||||||| ||und||
040 _cGE_BSU
080 _a821.353.1-1
100 _aგვარიშვილი, ნანა
245 _aნაკადულები.
245 _bლექსები
245 _cრედ.ნ.ნოღაიდელი
260 _aბათუმი
260 _c1958
300 _a176გვ. : 1ფ. პორტრ.20სმ.
653 _aლექსები
653 _aნაკადულები
942 _cBK
999 _c50014
_d50014